| 000 | 00440nam a2200145Ia 4500 | ||
|---|---|---|---|
| 008 | 210210b1998 xxu||||| |||| 00| 0 eng d | ||
| 082 | _a954.87 RAOC | ||
| 100 | _aRAO (B Surendra) and LOKESH (K M). | ||
| 245 | _aCoorg invented nineteenth century european writings on kodagu. | ||
| 260 |
_aMadikeri. _bForum for Kodagu Studies., _c1998 |
||
| 300 | _aviii,278 | ||
| 650 | _aCoorg Kodagu | ||
| 690 | _aKarnataka Histor | ||
| 906 | _a05679 | ||
| 999 |
_c103957 _d103957 |
||